000 00880nas a2200265 4500
001 BR2011002671
003 BR-BrBNA
005 20231205115309.0
007 ta
008 230509b bl.|||p| |||| 00| 00por d
040 _aBR-BrBNA
_bpor
_cBiblioteca Nacional de Agricultura
041 _a(Pt)
072 _aH10; H20
100 1 _aAndrade, D.J. de
100 1 _aFerreira, M. da C.
100 1 _aSantos, N.C. dos
245 1 _aEfeito da adição de óleos ao acaricida cyhexatin sobre o ácaro Brevipalpus phoenicis e na retenção de calda por folhas de citros
650 _aLEPROSE CÍTRICA
650 _aÁCARO
650 _aÓLEO MINERAL
650 _aPULVERIZAÇÃO
773 0 _tRevista Brasileira de Fruticultura (Brazil)
_xISSN 0100 2945
_g(Dec 2010), v. 32(4) p. 1055-1063
_wBR2011002671
909 _a202311
_bLúcia
_c55
_dLúcia Elande
942 _2AGRIS
_n0
_cANA
999 _c213079
_d213079